| 000 | 02345nam0a2200409 4500 | ||
|---|---|---|---|
| 001 | RU\NLR\bibl\1417310 | ||
| 005 | 20260407205605.0 | ||
| 010 |
_a978-5-9506-0342-6 _9500 |
||
| 021 |
_aRU _b2009-59097 _93648 |
||
| 035 | _a(NLR Aleph) 001409267 | ||
| 090 |
_a1271942 _c1271942 |
||
| 100 | _a20090709d2008 |||y0rusy50 ca | ||
| 101 | 0 |
_arus _dfre |
|
| 102 | _aRU | ||
| 105 | _ay ||||||||| | ||
| 200 | 1 |
_aXVIII век: женское/мужское в культуре эпохи _e[сборник статей участников Шестой Международной конференции по проблемам литературы и культуры эпохи Просвещения, прошедшей в МГУ им. М. В. Ломоносова 20-22 марта 2008 г. в рамках программы Российского общества по изучению XVIII века] _f[под ред.: Н. Т. Пахсарьян] |
|
| 210 |
_aМосква _cЭкон-Информ _d2008 |
||
| 215 |
_a534 с. _d21 |
||
| 300 | _aВ надзаг.: Моск. гос. ун-т им. М.В. Ломоносова, Филол. фак., Каф. истории зарубеж. лит. | ||
| 300 | _aРез. на фр. яз. | ||
| 320 | _aБиблиогр. в примеч.в конце ст. | ||
| 606 | 1 |
_aГендерная история _jСъезды, совещания и т.п. _92207105 _3RU\NLR\auth\661325995 |
|
| 610 | 0 | _aхудожественная литература -- гендерные исследования | |
| 686 |
_aШ5(0)45-3я431(0) _2rubbk |
||
| 686 |
_aЩ03(0)44-34я431(0) _2rubbk |
||
| 686 | _aТ08я431 | ||
| 686 | _aТ3(0)0-297я431 | ||
| 701 | 1 |
_aПахсарьян _bН. Т. _gНаталья Тиграновна _4070 |
|
| 711 | 1 | 2 |
_aМеждународная конференция по проблемам литературы и культуры эпохи Просвещения _d6 _eМосква _f2008 _9771286 _3RU\NLR\AUTH\8810137954 |
| 712 | 0 | 2 |
_4570 _aМГУ им. М. В. Ломоносова _bКафедра истории зарубежной литературы _9571922 _3RU\NLR\AUTH\8810036621 |
| 801 | 0 |
_aRU _bРКП _c20090709 _grcr |
|
| 801 | 1 |
_aRU _bРГБ _c20090709 |
|
| 801 | 2 |
_aRU _bNLR _c20090928 _grcr |
|
| 942 | _cBOOK | ||
| 980 | _aNB | ||